000
00494nam a2200169Ia 4500
008
090711s9999 xx 000 0 und d
082
_b
44459
100
_a
भावे पुरुषोत्तम भा.
245
_a
बिलवर
260
_c
1982
300
_a
156
600
_a
भावे पुरुषोत्तम भा.
630
_a
बिलवर
700
_a
भावे पुरुषोत्तम भा.
730
_a
बिलवर
942
_c
BOOK
999
_c
314868
_d
314868